| 000 | 00445nam a22001811a 4500 | ||
|---|---|---|---|
| 001 | 3720 | ||
| 003 | OSt | ||
| 005 | 20260204211901.0 | ||
| 008 | 050206s1989||||dr ||||||b||||||||||spa|| | ||
| 050 | _aRD 909 L321p | ||
| 082 | _aRD 909 L321p | ||
| 100 | _aLara Fernandez, Carmen | ||
| 245 | _aPrimicia del nuevo mundo / Carmen Lara Fernández | ||
| 264 | _aSanto Domingo : Taller | ||
| 300 | _a276 p | ||
| 650 | _a1.HistoriaÌ | ||
| 942 |
_2ddc _cBK |
||
| 999 |
_c3720 _d3720 |
||